| 000 | 00511nam a2200181Ia 4500 | ||
|---|---|---|---|
| 003 | GCL | ||
| 008 | 140319s9999 xx 000 0 eng d | ||
| 040 |
_aGCL / _cGCL |
||
| 082 | 0 | 4 |
_a703 _bK I |
| 100 | 1 | _aK.G.SAUR | |
| 245 | 1 | 0 |
_aINTERNATIONAL DIRECTORY OF ARTS = INTERNATIONALES KUNST ADRESSBUCH / _cK.G.SAUR |
| 260 |
_a[S.N] : _bK.G. SAUR ، _c1997 |
||
| 650 | 0 | 4 | _aARTS - DICTIONARY |
| 650 | 0 | 4 | _aMUSEUM - DICTIONARY |
| 650 | 0 | 4 | _aANTIQUES - DICTIONARY |
| 650 | 0 | 4 | _aARTS - DIRECTORIES |
| 942 |
_2ddc _cBK |
||
| 999 |
_c16304 _d16304 |
||